| 000 | 00661cam a22001935a 4500 | ||
|---|---|---|---|
| 001 | L155804 | ||
| 008 | 120417s1815 xxk f 000 0 eng d | ||
| 035 | _a(Sirsi) u155804 | ||
| 041 | 0 | _aeng | |
| 100 | 1 |
_aHenderson, John _cCapt |
|
| 245 | 0 | 0 | _aGeneral view of the agriculture of the county of Sutherland ... Drawn up for the consideration of the Board of Agriculture |
| 260 |
_aLondon _bSherwood, Neely, & Jones _c1815 |
||
| 300 |
_axi, 238 p., [2] leaves _bfolded map, plates _c8o |
||
| 583 |
_aCondition reviewed _c20120620 _lcondition level 3 |
||
| 651 | 4 |
_aGreat Britain _y1707- |
|
| 690 |
_aRural _96268 |
||
| 710 | 1 | _aBoard of Agriculture | |
| 942 | _n0 | ||
| 999 |
_c113836 _d113836 |
||